Shane McMahon's career wrestling opponents - Statistics

General Stats
  • This quiz has been taken 244 times
    157 since last reset
  • The average score is 14 of 28
Answer Stats
Answer % Correct
The Undertaker
95%
Vince McMahon
90%
Triple H
85%
Kane
79%
The Rock
79%
Kurt Angle
76%
The Big Show
73%
Roman Reigns
69%
The Miz
69%
Shawn Michaels
65%
Kevin Owens
63%
A.J. Styles
62%
Randy Orton
59%
Chris Jericho
57%
X-Pac
55%
Test
49%
Braun Strowman
48%
Steve Blackman
41%
Dolph Ziggler
38%
Cody Rhodes
34%
Bobby Lashley
30%
Ken Shamrock
29%
Mankind
26%
Eric Bischoff
22%
Rikishi
20%
Joey Abs
13%
Chad Gable
5%
Gillberg
3%
No matching quizzes found
Score Distribution
Percent of People with Each Score
Percentile by Number Answered
Your Score History
You have not taken this quiz since the last reset